000 00701nam a22002057a 4500
999 _c1820
_d1820
003 AR-CdUCM
008 190228b ||||| |||| 00| 0 spa d
040 _aMUNICIPALIDAD PROVINCIAL DEL CUSCO
_cBIBLIOTECA MUNICIPAL DEL CUSCO
082 _a343 /
_bD8
100 _aAnticona Moreno, Juan Pablo,
_96679
245 _aEnciclopedia legal tributaria /
260 _aPerú /
_c1969
300 _aXX-241-XXXII paginas ;
_c24 cm.
505 _aCódigo tributario --Ley orgánica del presupuesto funcional --Patente --Patrimonio accionario ...
650 _aDerecho tributario
_96680
650 _aEnciclopedias.
_96681
650 _aLegislacion
_96380
942 _2ddc
_cLIBROS
945 _arjall
_d2019-02-28